000 00507nam a2200169 i 4500
001 27002
003 ES-MaACL
005 20230906153535.0
007 t|
008 030113s1972 sp ||||1| spa d
100 1 _aAsimov, Isaac.
_923610
245 1 0 _aEstoy en Puertomarte sin Hilda y otros cuentos /
_cIsaac Asimov ; [traductor: Antonio Alférez].
260 _aMadrid :
_bAlianza,
_c[1972]
300 _a234 p. ;
_c18 cm.
700 1 _aAlférez, Antonio.
_919834
852 _aES-MaACL
_jC-41211
_bR.80763
999 _c27002
_d27002